000 00918cam a2200253 a 4500
999 _c7152
_d7152
003 OCoLC
005 20201125111709.0
008 021008s2003 ncua b 001 0 eng
020 _a0-8223-3057-1
040 _aDDC
_bEnglish
_cDDC
_dTSSD
082 _a614.428 DIS
245 0 0 _aDisease in the history of modern Latin America :
_bFrom malaria to AIDS /
_c(edited by) Diego Armus.
260 _aDurham :
_bDuke University Press,
_cc2003.
300 _aviii, 326 p. :
_bill. ;
_c24 cm.
504 _aIncludes bibliographical references and index.
650 0 _aSocial medicine
_zLatin America.
_vHistory.
650 0 _aDiseases
650 1 2 _aSocial Medicine.
650 2 2 _aCommunicable Disease Control
651 2 _aLatin America.
700 1 _aArmus, Diego.
776 0 8 _iOnline version:
_tDisease in the history of modern Latin America.
_dDurham : Duke University Press, 2003
_w(OCoLC)656500678
942 _2ddc
_cBOOK